[Event "ChFraVétérans2011"]
[Site "Caen"]
[Date "2011.08.24"]
[Round "8.8"]
[White "Le Du, Michel"]
[Black "Peyrin, Jean"]
[Result "1/2-1/2"]
[WhiteElo "1912"]
[BlackElo "1873"]
[PlyCount "138"]
[EventDate "2011.??.??"]

1. e4 c5 2. Nc3 Nc6 3. g3 g6 4. Bg2 Bg7 5. d3 d6 6. Be3 e6 7. Qd2 Nge7 8. Bh6
O-O 9. h4 f6 10. Bxg7 Kxg7 11. f4 h6 12. Nf3 Nd4 13. O-O d5 14. Qf2 dxe4 15.
dxe4 Nec6 16. Rad1 Qb6 17. b3 Qb4 18. Na4 Nxf3+ 19. Bxf3 Nd4 20. Bg2 Qa3 21. c3
Nb5 22. c4 Nd4 23. Nxc5 Qxc5 24. Qxd4 Qxd4+ 25. Rxd4 e5 26. Rd6 Bg4 27. Rf2
Rad8 28. Rfd2 Rxd6 29. Rxd6 Re8 30. Kf2 Kf7 31. Bf3 Ke7 32. Rd2 Be6 33. Ke3 b6
34. Be2 Rc8 35. Bd3 Rc7 36. Rc2 a5 37. a3 Kd8 38. fxe5 fxe5 39. b4 axb4 40.
axb4 Ra7 41. c5 bxc5 42. Rxc5 Ra3 43. Kd2 Ra2+ 44. Rc2 Ra4 45. Bc4 Bd7 46. Rb2
Kc7 47. Kc3 Ra3+ 48. Rb3 Ra1 49. Kb2 Re1 50. Rc3 Kb6 51. Rd3 Bc6 52. Bd5 Bb5
53. Rf3 Rf1 54. Rxf1 Bxf1 55. Kc3 Kb5 56. Bf7 g5 57. hxg5 hxg5 58. Be8+ Kb6 59.
Kd2 Bc4 60. Bd7 Bf1 61. Ba4 Bc4 62. Kc3 Be2 63. Bc2 Bb5 64. Bd3 Bd7 65. Kb3
Be6+ 66. Ka4 Bg4 67. b5 Bd7 68. Kb4 Be8 69. Bc4 Bd7 1/2-1/2

[Event "ChFraVétérans2011"]
[Site "Caen"]
[Date "2011.08.24"]
[Round "8.9"]
[White "Danzanvilliers, Patrice"]
[Black "Dubreuil, Remy"]
[Result "1-0"]
[WhiteElo "1838"]
[BlackElo "1895"]
[PlyCount "23"]
[EventDate "2011.??.??"]

1. e4 c5 2. Nf3 Nc6 3. d4 cxd4 4. Nxd4 Nf6 5. Nc3 g6 6. Nxc6 bxc6 7. e5 Ng8 8.
Be2 Bg7 9. f4 Qb6 10. Qd3 Nh6 11. Be3 O-O 12. Bxb6 1-0

[Event "ChFraVétérans2011"]
[Site "Caen"]
[Date "2011.08.24"]
[Round "8.10"]
[White "Andrieu, Philippe"]
[Black "Rodriguez, Jean-Pierre"]
[Result "1-0"]
[WhiteElo "1894"]
[BlackElo "1871"]
[PlyCount "78"]
[EventDate "2011.??.??"]

1. d4 Nf6 2. Bg5 e6 3. e4 h6 4. Bxf6 Qxf6 5. Nf3 c5 6. c3 cxd4 7. cxd4 Bb4+ 8.
Nc3 O-O 9. Bd3 Nc6 10. e5 Qe7 11. O-O d6 12. Qe2 a6 13. Rac1 Rd8 14. Qe4 g6 15.
Qe3 Kg7 16. Ne4 dxe5 17. dxe5 Ba5 18. Rfd1 Nb4 19. Bb1 Nd5 20. Qb3 b5 21. Nd4
Bd7 22. Nd6 Qg5 23. Nf3 Qe7 24. Nb7 Bb6 25. Nxd8 Rxd8 26. g3 Be8 27. Be4 a5 28.
Ne1 Qa7 29. Qf3 Bd4 30. Nd3 Qb8 31. Bxd5 Rxd5 32. Qf6+ Kg8 33. Re1 b4 34. Rc2
Bb5 35. Rec1 Be8 36. Rc8 Qb5 37. R1c7 Bxf2+ 38. Kg2 Rd8 39. Rxd8 Kh7 1-0

[Event "ChFraVétérans2011"]
[Site "Caen"]
[Date "2011.08.25"]
[Round "9.1"]
[White "Ruch, Bernard"]
[Black "Negre, Albert"]
[Result "0-1"]
[WhiteElo "1994"]
[BlackElo "2103"]
[PlyCount "96"]
[EventDate "2011.??.??"]

1. d4 Nf6 2. Nf3 g6 3. c4 c5 4. d5 b5 5. cxb5 a6 6. Nc3 axb5 7. Nxb5 Ba6 8. Nc3
d6 9. g3 Bg7 10. Bg2 O-O 11. O-O Nbd7 12. Re1 Qa5 13. h3 Rfb8 14. e4 Ne8 15.
Qc2 Nb6 16. e5 Nc4 17. b3 Nxe5 18. Nxe5 Bxe5 19. Bd2 c4 20. Ne4 cxb3 21. axb3
Qc7 22. Qxc7 Nxc7 23. Nc3 Bf6 24. Ra3 Bxc3 25. Bxc3 Nb5 26. Rxa6 Rxa6 27. Bf1
Ra7 28. Bd2 Nd4 29. Kg2 Nxb3 30. Bh6 Nc5 31. h4 f6 32. h5 Kf7 33. Be2 Ra2 34.
hxg6+ hxg6 35. Be3 Rbb2 36. Kf3 Nd7 37. Bd4 Rd2 38. Ke3 Rdc2 39. f4 Nc5 40. Kf3
Ra3+ 41. Be3 Nb3 42. Kf2 Nd2 43. g4 Nb3 44. g5 Ra1 45. gxf6 Rxe1 46. Kxe1 exf6
47. Kd1 Rc3 48. Bf2 Rc1# 0-1

[Event "ChFraVétérans2011"]
[Site "Caen"]
[Date "2011.08.25"]
[Round "9.2"]
[White "Goldenberg, Richard"]
[Black "Ruiz, Richard"]
[Result "1-0"]
[WhiteElo "2320"]
[BlackElo "2106"]
[PlyCount "141"]
[EventDate "2011.??.??"]

1. d4 Nf6 2. Nf3 g6 3. c4 Bg7 4. Nc3 d6 5. Bg5 h6 6. Bh4 g5 7. Bg3 Nh5 8. e3
Nxg3 9. hxg3 Nc6 10. Qc2 e5 11. dxe5 Nxe5 12. O-O-O Nxf3 13. gxf3 b6 14. Qe4+
Be6 15. Bh3 Kd7 16. Nb5 Qc8 17. f4 Bxh3 18. Rxh3 a6 19. Nd4 Bxd4 20. Qxd4 Qg8
21. Rdh1 Qg6 22. fxg5 Qxg5 23. Rh5 Qg6 24. Qf4 Rae8 25. Qf5+ Re6 26. Qxg6 Rxg6
27. R1h4 a5 28. Kd2 Ke7 29. Kd3 Kf6 30. a3 Kg7 31. Re4 Re6 32. b4 axb4 33. axb4
Ra8 34. Rg4+ Rg6 35. Rhh4 Ra3+ 36. Kd4 Rb3 37. b5 Rb2 38. Rf4 Rd2+ 39. Kc3 Ra2
40. Kd3 Rg5 41. Rf3 Re5 42. Rg4+ Kf8 43. Rgf4 Re7 44. Rf5 Kg7 45. R3f4 Rb2 46.
Rg4+ Kh7 47. Re4 Rxe4 48. Kxe4 Kg6 49. g4 Rd2 50. f3 Rd1 51. Rh5 Rd2 52. Rh1
Ra2 53. Kd5 Ra7 54. Kc6 f6 55. Rh2 Kg7 56. Rd2 Kg6 57. Rd5 Kf7 58. Rd4 Ke7 59.
Re4+ Kd8 60. Re6 Ra3 61. f4 Rc3 62. Kd5 Kd7 63. Rxf6 Rxe3 64. Rxh6 Rd3+ 65. Ke4
Rc3 66. Rh7+ Kd8 67. g5 Rxc4+ 68. Kf5 Ke8 69. g6 Kf8 70. Kg5 Rc1 71. Kf6 1-0

[Event "ChFraVétérans2011"]
[Site "Caen"]
[Date "2011.08.25"]
[Round "9.3"]
[White "Tholey, Jean-Paul"]
[Black "Pinchon, Henri"]
[Result "1/2-1/2"]
[WhiteElo "1981"]
[BlackElo "1904"]
[PlyCount "207"]
[EventDate "2011.??.??"]

1. d4 Nf6 2. c4 c5 3. Nf3 g6 4. Nc3 cxd4 5. Nxd4 Bg7 6. e4 d6 7. Be2 O-O 8. Be3
Bd7 9. O-O Nc6 10. f3 Re8 11. Qd2 a6 12. Rac1 Nxd4 13. Bxd4 Bc6 14. Rfd1 Rc8
15. Qe3 Nd7 16. Bxg7 Kxg7 17. Nd5 Bxd5 18. Rxd5 Qb6 19. Qxb6 Nxb6 20. Rd4 Rc7
21. b3 h5 22. f4 Nd7 23. Rcd1 Nc5 24. Bf3 Ne6 25. R4d2 Nxf4 26. Kf2 Ne6 27. Ke3
Rb8 28. Rd5 f6 29. h4 b5 30. Be2 Rc5 31. b4 Rxd5 32. cxd5 Nd8 33. Rc1 Rb7 34.
g4 Kh6 35. Rc8 Nf7 36. gxh5 gxh5 37. Ra8 Ne5 38. Rh8+ Kg7 39. Rxh5 Rc7 40. Kd2
Ng6 41. Bf1 Ra7 42. Kc3 a5 43. a3 axb4+ 44. axb4 Rb7 45. Rf5 Nxh4 46. Rf2 Kh6
47. Ra2 Nf3 48. Ra5 Rc7+ 49. Kd3 Rc1 50. Be2 Ne5+ 51. Kd2 Rb1 52. Rxb5 Rb2+ 53.
Kd1 Kg5 54. Rb7 Kf4 55. Ba6 Kxe4 56. Kc1 Ra2 57. b5 Kxd5 58. Rxe7 Ra5 59. Kc2
f5 60. Kb3 Nd3 61. Bb7+ Kd4 62. Bc6 Nc5+ 63. Kb2 Ra4 64. Rf7 Ke5 65. Kc3 Ra3+
66. Kc4 Ra4+ 67. Kc3 f4 68. b6 Ra3+ 69. Kc4 Rb3 70. b7 Rb1 71. Kc3 Rb6 72. Kd2
d5 73. Bxd5 Kxd5 74. Rxf4 Rxb7 75. Rf5+ Kd4 76. Kc2 Rb6 77. Rf4+ Ne4 78. Rh4
Re6 79. Kb3 Re5 80. Kb4 Kd5 81. Rh1 Kc6 82. Rh6+ Nd6 83. Rh4 Rd5 84. Rg4 Kb6
85. Rh4 Rb5+ 86. Kc3 Rc5+ 87. Kd3 Ra5 88. Rh6 Ra3+ 89. Kd4 Ra4+ 90. Kd3 Kc6 91.
Rg6 Kd5 92. Rg5+ Ke6 93. Rg6+ Ke7 94. Rh6 Nf5 95. Rb6 Nd6 96. Rb8 Ke6 97. Rh8
Nf7 98. Rh5 Ne5+ 99. Kc3 Rc4+ 100. Kb3 Rc5 101. Rg5 Rd5 102. Kc3 Kf6 103. Rh5
Rc5+ 104. Kb3 1/2-1/2

[Event "ChFraVétérans2011"]
[Site "Caen"]
[Date "2011.08.25"]
[Round "9.4"]
[White "Basic, Bosko"]
[Black "Gibson, John"]
[Result "1-0"]
[WhiteElo "2067"]
[BlackElo "1865"]
[PlyCount "81"]
[EventDate "2011.??.??"]

1. Nf3 d6 2. d4 Nf6 3. g3 g6 4. Bg2 Bg7 5. c4 O-O 6. O-O c5 7. d5 Nbd7 8. Nc3
Nb6 9. Qd3 Bd7 10. e4 Qc7 11. Re1 Ng4 12. b3 Rae8 13. h3 Nh6 14. Bf4 f6 15. a4
a6 16. Rac1 Nf7 17. Qd2 Qc8 18. h4 Bh3 19. Kh2 Bxg2 20. Kxg2 Nd7 21. Nd1 Nde5
22. Nxe5 Nxe5 23. Qe2 h6 24. h5 gxh5 25. Bxe5 fxe5 26. Qxh5 Rf6 27. Ne3 Ref8
28. Nf5 Qe8 29. Qh3 Qf7 30. Rh1 Rg6 31. Rc3 Kh7 32. Rf3 Qf6 33. Nh4 Qxf3+ 34.
Nxf3 Rgf6 35. Qg4 Rxf3 36. Qxf3 Rxf3 37. Kxf3 Bf6 38. a5 Bg5 39. Ke2 e6 40.
dxe6 Kg7 41. b4 1-0

[Event "ChFraVétérans2011"]
[Site "Caen"]
[Date "2011.08.25"]
[Round "9.5"]
[White "Birens, Eric-Andre"]
[Black "Danzanvilliers, Patrice"]
[Result "0-1"]
[WhiteElo "1997"]
[BlackElo "1838"]
[PlyCount "88"]
[EventDate "2011.??.??"]

1. d4 f5 2. Bg5 g6 3. e3 Bg7 4. h4 Nc6 5. Nf3 d6 6. Nc3 h6 7. Bf4 e6 8. Qd2 Nf6
9. Bd3 Qe7 10. O-O-O e5 11. d5 Nb8 12. Bb5+ c6 13. dxc6 bxc6 14. Nd5 Nxd5 15.
Qxd5 Bd7 16. Qb3 cxb5 17. Bg3 Nc6 18. Qxb5 Rc8 19. Rd2 f4 20. exf4 exf4 21.
Bxf4 Rb8 22. Qxb8+ Nxb8 23. Re1 Qxe1+ 24. Nxe1 O-O 25. Bxd6 Re8 26. Nd3 Nc6 27.
c3 Na5 28. Rd1 Bf5 29. Bb4 Nc6 30. Bc5 Kf7 31. Nf4 Ne5 32. Bd4 g5 33. hxg5 hxg5
34. Bxe5 Rxe5 35. Nh3 g4 36. Nf4 Bh6 37. Rd4 Re2 38. Rb4 Rxf2 39. g3 Bxf4+ 40.
Kd1 Bxg3 41. c4 Be5 42. Rb7+ Kg6 43. c5 Rxb2 44. Rxa7 g3 0-1

[Event "ChFraVétérans2011"]
[Site "Caen"]
[Date "2011.08.25"]
[Round "9.6"]
[White "Labarthe, Arnaud"]
[Black "Andrieu, Philippe"]
[Result "0-1"]
[WhiteElo "1879"]
[BlackElo "1894"]
[PlyCount "70"]
[EventDate "2011.??.??"]

1. d4 d5 2. Nc3 Nf6 3. Bg5 h6 4. Bxf6 exf6 5. e3 Nc6 6. a3 a6 7. Bd3 Be7 8.
Nge2 Be6 9. Nf4 Qd6 10. Nxe6 Qxe6 11. Qf3 Rd8 12. O-O O-O 13. Bf5 Qd6 14. Qg4
Na5 15. b3 c5 16. Ne2 Rfe8 17. f4 Bf8 18. Rf3 Re7 19. dxc5 Qc7 20. Ng3 Qxc5 21.
Bd3 Rxe3 22. Rxe3 Qxe3+ 23. Kh1 Re8 24. h4 Qd4 25. Rd1 Qf2 26. Kh2 Qb6 27. Qf5
g6 28. Qxd5 Rd8 29. Qf3 Nc6 30. h5 f5 31. hxg6 fxg6 32. Bc4+ Kh7 33. Rxd8 Qxd8
34. a4 Bc5 35. Bxa6 Qh4# 0-1

[Event "ChFraVétérans2011"]
[Site "Caen"]
[Date "2011.08.25"]
[Round "9.7"]
[White "Rosenfeld, Imre"]
[Black "Degrave, Jack"]
[Result "1-0"]
[WhiteElo "1905"]
[BlackElo "1990"]
[PlyCount "61"]
[EventDate "2011.??.??"]

1. d4 Nf6 2. Nf3 g6 3. Bg5 Bg7 4. Nbd2 O-O 5. c3 d6 6. e4 h6 7. Bh4 Nbd7 8. Be2
e5 9. dxe5 dxe5 10. Qc2 c6 11. O-O Qc7 12. Rad1 Nh5 13. Rfe1 Nb6 14. b3 Be6 15.
Nf1 Nf4 16. Ne3 Rae8 17. Bf1 f5 18. g3 fxe4 19. gxf4 exf4 20. Nd4 fxe3 21. Rxe3
Bf5 22. Bg3 Be5 23. Bxe5 Qxe5 24. c4 Nd7 25. Nxf5 Qxf5 26. Bh3 Qg5+ 27. Rg3 Qf6
28. Rxd7 Rd8 29. Rxd8 Rxd8 30. Qxe4 Kf7 31. Rf3 1-0

[Event "ChFraVétérans2011"]
[Site "Caen"]
[Date "2011.08.25"]
[Round "9.8"]
[White "Carrot, Patrick"]
[Black "Le Du, Michel"]
[Result "0-1"]
[WhiteElo "1866"]
[BlackElo "1912"]
[PlyCount "80"]
[EventDate "2011.??.??"]

1. e4 e5 2. Nf3 Nf6 3. Nxe5 d6 4. Nf3 Nxe4 5. d4 d5 6. h3 Be7 7. Bd3 Nc6 8. O-O
O-O 9. Re1 f5 10. a3 Kh8 11. c4 Bf6 12. cxd5 Qxd5 13. Nc3 Nxc3 14. bxc3 Bd7 15.
Rb1 Na5 16. Ne5 Bc6 17. Nxc6 Qxc6 18. Qc2 g6 19. Be2 Bxd4 20. Bd2 Bg7 21. Bf3
Qd6 22. c4 Nc6 23. Rxb7 Nd4 24. Qc1 Nxf3+ 25. gxf3 Qc6 26. Rb3 Rfe8 27. Rd1
Rad8 28. Kg2 Qd7 29. Rb1 c5 30. Qc2 Re2 31. Bg5 Rxc2 32. Rxd7 Re8 33. Rbb7 Bd4
34. Rxh7+ Kg8 35. Rhd7 Rxf2+ 36. Kg3 Rfe2 37. Rb1 Rc2 38. Rbb7 Bf2+ 39. Kg2
Bh4+ 40. Kf1 Re1# 0-1

[Event "ChFraVétérans2011"]
[Site "Caen"]
[Date "2011.08.25"]
[Round "9.9"]
[White "Peyrin, Jean"]
[Black "Koenig, Joel"]
[Result "1-0"]
[WhiteElo "1873"]
[BlackElo "1874"]
[PlyCount "41"]
[EventDate "2011.??.??"]

1. d4 Nf6 2. c4 e6 3. Nc3 Bb4 4. e3 O-O 5. Bd3 b6 6. e4 Bb7 7. Qc2 d5 8. cxd5
exd5 9. e5 Ne4 10. Nf3 c5 11. O-O cxd4 12. Nxe4 dxe4 13. Bxe4 Bxe4 14. Qxe4 Na6
15. Ng5 g6 16. e6 f5 17. Qb7 Nc7 18. Bf4 Rc8 19. Rac1 Be7 20. Nf7 Qd5 21. Rxc7
1-0

[Event "ChFraVétérans2011"]
[Site "Caen"]
[Date "2011.08.25"]
[Round "9.10"]
[White "Audiffren, Roger"]
[Black "Zurano, Alberto"]
[Result "1-0"]
[WhiteElo "2005"]
[BlackElo "1817"]
[PlyCount "73"]
[EventDate "2011.??.??"]

1. d4 Nf6 2. Nf3 g6 3. b3 Bg7 4. Bb2 O-O 5. e3 d6 6. c4 c6 7. Nc3 Bf5 8. Bd3
Bxd3 9. Qxd3 Nbd7 10. O-O Nb6 11. Rfd1 a5 12. a3 Nbd7 13. b4 axb4 14. axb4 Qc7
15. h3 Nb6 16. c5 Nbd5 17. Nxd5 Nxd5 18. Qb3 dxc5 19. bxc5 Qb8 20. e4 Nc7 21.
d5 Bxb2 22. Rxa8 Qxa8 23. Qxb2 f6 24. Ra1 Qc8 25. dxc6 bxc6 26. Qb6 Na8 27.
Qb3+ Kg7 28. Nd4 Kh8 29. Qe6 Qxe6 30. Nxe6 Re8 31. Ra7 Kg8 32. Kf1 Kf7 33. Nd4
Rc8 34. Ke2 h6 35. Kd3 Kf8 36. Kc4 Nc7 37. Rxc7 1-0

[Event "ChFraVétérans2011"]
[Site "Caen"]
[Date "2011.08.26"]
[Round "10.2"]
[White "Pinchon, Henri"]
[Black "Ruch, Bernard"]
[Result "1/2-1/2"]
[WhiteElo "1904"]
[BlackElo "1994"]
[PlyCount "83"]
[EventDate "2011.??.??"]

1. e4 e6 2. d4 d5 3. exd5 exd5 4. Bd3 Nf6 5. Nf3 Bd6 6. O-O O-O 7. Re1 b6 8. c3
c5 9. dxc5 bxc5 10. Bg5 Be6 11. Nbd2 Nbd7 12. Nf1 Qc7 13. Qc2 Rab8 14. b3 a5
15. Bh4 h6 16. Bg3 Rfe8 17. Bxd6 Qxd6 18. h3 Nh5 19. Bh7+ Kh8 20. Bf5 Nhf6 21.
Ng3 Qf4 22. Rad1 Bxf5 23. Rxe8+ Rxe8 24. Nxf5 g6 25. Ne3 Nb6 26. Qb2 Kg8 27.
Qa3 Rxe3 28. fxe3 Qxe3+ 29. Kh1 Ne4 30. Re1 Qxc3 31. Rc1 Qe3 32. Re1 Qc3 33.
Rc1 Qb4 34. Qb2 c4 35. Qe5 cxb3 36. axb3 Qxb3 37. Qe8+ Kg7 38. Qe5+ Kg8 39.
Qe8+ Kg7 40. Qe5+ Kg8 41. Qb8+ Kg7 42. Qe5+ 1/2-1/2

[Event "ChFraVétérans2011"]
[Site "Caen"]
[Date "2011.08.26"]
[Round "10.3"]
[White "Andrieu, Philippe"]
[Black "Ruiz, Richard"]
[Result "0-1"]
[WhiteElo "1894"]
[BlackElo "2106"]
[PlyCount "92"]
[EventDate "2011.??.??"]

1. d4 Nf6 2. Bg5 c5 3. dxc5 Na6 4. Nc3 Nxc5 5. Bxf6 gxf6 6. g3 Qa5 7. Bg2 Bg7
8. e3 f5 9. Nge2 Na4 10. Qd2 Nxb2 11. Rb1 Nc4 12. Qd3 Nd6 13. O-O Rb8 14. Nb5
Nxb5 15. Rxb5 Qxa2 16. Rxf5 Qa6 17. Qb3 d5 18. Rxd5 Be6 19. Nf4 Bxd5 20. Nxd5
Qa5 21. Qc4 e6 22. Nf4 O-O 23. Be4 Qc3 24. Qe2 Qe5 25. Qf3 b5 26. Nh5 f5 27.
Bd3 a5 28. Nf4 a4 29. Ne2 Qc5 30. Nc1 b4 31. Qe2 Rfc8 32. e4 Qe5 33. Qf3 fxe4
34. Bxe4 Qf6 35. Qd3 Qh6 36. Na2 b3 37. cxb3 axb3 38. Nb4 Rxb4 39. Qd7 Rbc4 40.
Kg2 Qf6 41. Qd3 Rxe4 42. Qxe4 Qf5 43. Qb4 Qd5+ 44. Kg1 b2 45. Qf4 Qc4 46. Qd6
Qxf1+ 0-1

[Event "ChFraVétérans2011"]
[Site "Caen"]
[Date "2011.08.26"]
[Round "10.4"]
[White "Danzanvilliers, Patrice"]
[Black "Tholey, Jean-Paul"]
[Result "1-0"]
[WhiteElo "1838"]
[BlackElo "1981"]
[PlyCount "43"]
[EventDate "2011.??.??"]

1. e4 c5 2. Nf3 a6 3. c4 Nc6 4. d4 cxd4 5. Nxd4 Qb6 6. Nb3 e6 7. Be3 Bb4+ 8.
N1d2 Qc7 9. a3 Be7 10. f4 d6 11. c5 dxc5 12. e5 b6 13. Ne4 Bb7 14. Qc2 Rd8 15.
Be2 Nh6 16. g4 Rd7 17. O-O O-O 18. Ng5 Rfd8 19. Qxh7+ Kf8 20. Qh8+ Ng8 21. Nh7+
Ke8 22. Qxg8+ 1-0

[Event "ChFraVétérans2011"]
[Site "Caen"]
[Date "2011.08.26"]
[Round "10.5"]
[White "Basic, Bosko"]
[Black "Peyrin, Jean"]
[Result "1-0"]
[WhiteElo "2067"]
[BlackElo "1873"]
[PlyCount "59"]
[EventDate "2011.??.??"]

1. Nf3 Nf6 2. d4 e6 3. g3 b5 4. Bg2 Bb7 5. O-O c5 6. c3 Be7 7. Bg5 Qb6 8. Nbd2
O-O 9. e4 h6 10. Bxf6 Bxf6 11. e5 Be7 12. Re1 d5 13. exd6 Bxd6 14. Ne4 Na6 15.
Qe2 Rfd8 16. Rad1 Rac8 17. Rd2 b4 18. Nxd6 Rxd6 19. Ne5 Rdd8 20. Nxf7 Kxf7 21.
Bxb7 Qxb7 22. Qxe6+ Kf8 23. Re5 Rc7 24. Rf5+ Rf7 25. Rxf7+ Qxf7 26. Qxa6 bxc3
27. bxc3 cxd4 28. cxd4 Rb8 29. d5 Qf3 30. Qd6+ 1-0

[Event "ChFraVétérans2011"]
[Site "Caen"]
[Date "2011.08.26"]
[Round "10.6"]
[White "Le Du, Michel"]
[Black "Rosenfeld, Imre"]
[Result "1/2-1/2"]
[WhiteElo "1912"]
[BlackElo "1905"]
[PlyCount "63"]
[EventDate "2011.??.??"]

1. e4 c6 2. d4 d5 3. Nc3 dxe4 4. Nxe4 Bf5 5. Ng3 Bg6 6. Nf3 Nf6 7. Ne5 Nbd7 8.
Nxg6 hxg6 9. Bd3 e6 10. h3 Qb6 11. c3 Bd6 12. Ne4 Nxe4 13. Bxe4 Nf6 14. Bf3 Rd8
15. Qe2 Nd5 16. Be4 Qc7 17. g3 Nf6 18. Bg5 Rd7 19. Bf3 Nd5 20. O-O-O Be7 21.
Bxe7 Nxe7 22. h4 Kd8 23. Rhe1 Kc8 24. Qc2 Kb8 25. Re5 Nf5 26. Qe2 Rdd8 27. Qc4
Qb6 28. Qe2 Qc7 29. Rc5 Qd6 30. Qc4 Ne7 31. Qb3 Qc7 32. Re5 1/2-1/2

[Event "ChFraVétérans2011"]
[Site "Caen"]
[Date "2011.08.26"]
[Round "10.7"]
[White "Gibson, John"]
[Black "Audiffren, Roger"]
[Result "1-0"]
[WhiteElo "1865"]
[BlackElo "2005"]
[PlyCount "117"]
[EventDate "2011.??.??"]

1. f4 d5 2. Nf3 c5 3. g3 Nc6 4. Bg2 h6 5. O-O Bf5 6. d3 Nf6 7. a3 e6 8. Qe1 Be7
9. h3 h5 10. Nh4 Bh7 11. Nc3 d4 12. Ne4 Nxe4 13. dxe4 Bxh4 14. gxh4 Qd7 15. b4
c4 16. b5 Ne7 17. a4 O-O 18. Ba3 Rfc8 19. Bxe7 Qxe7 20. f5 exf5 21. exf5 Re8
22. Qg3 Rab8 23. Rad1 Rbd8 24. c3 Qc5 25. Qf2 Qe5 26. cxd4 Qxe2 27. Qxe2 Rxe2
28. Bxb7 g6 29. f6 g5 30. Bf3 Ra2 31. Ra1 Rb2 32. Rac1 Bd3 33. Rf2 Rb4 34. hxg5
Rxa4 35. Bc6 a6 36. b6 Rb4 37. b7 Rb6 38. d5 Kh7 39. h4 Kg6 40. Ra2 Rb8 41. Ra3
R8xb7 42. Bxb7 Rxb7 43. Ra5 Rd7 44. Rc5 Kf5 45. Re1 Rb7 46. d6+ Kg4 47. Rc7 Rb2
48. Rce7 Rb6 49. d7 Rd6 50. Rxf7 c3 51. Rfe7 Bg6 52. f7 Bxf7 53. Rxf7 c2 54.
Kg2 Kxh4 55. Rc1 Rd2+ 56. Rf2 Rxd7 57. Rcxc2 Rd5 58. Rc4+ Kxg5 59. Ra4 1-0

[Event "ChFraVétérans2011"]
[Site "Caen"]
[Date "2011.08.26"]
[Round "10.8"]
[White "Birens, Eric-Andre"]
[Black "Labarthe, Arnaud"]
[Result "1-0"]
[WhiteElo "1997"]
[BlackElo "1879"]
[PlyCount "107"]
[EventDate "2011.??.??"]

1. d4 Nf6 2. Nf3 e6 3. c4 Ne4 4. e3 b6 5. Nbd2 f5 6. Be2 Be7 7. Nxe4 fxe4 8.
Nd2 Bb7 9. Qc2 d5 10. Bh5+ g6 11. Bg4 Qd6 12. O-O Nd7 13. b4 Nf6 14. Bh3 g5 15.
c5 Qd7 16. g3 Ba6 17. Re1 Bd3 18. Qc3 g4 19. Bf1 Bxf1 20. Nxf1 Kf7 21. a4 a5
22. b5 h5 23. Ba3 Rac8 24. Qb3 Nh7 25. Rec1 Ng5 26. cxb6 cxb6 27. Bxe7 Kxe7 28.
Qa3+ Qd6 29. Qb2 Nf3+ 30. Kg2 Ng5 31. Rxc8 Rxc8 32. Rc1 Rxc1 33. Qxc1 Kd7 34.
Nd2 Qc7 35. Qb2 Qd6 36. Qc2 Qc7 37. Qb2 Nf7 38. Qb3 Nd6 39. h3 Qc1 40. hxg4
Qxd2 41. gxh5 Qb4 42. Qd1 Nf7 43. Qg4 Qe7 44. Qf4 Qe8 45. g4 e5 46. dxe5 Nxe5
47. g5 Nd3 48. Qf6 Qe6 49. Qg7+ Qe7 50. h6 Ke8 51. g6 Ne5 52. Qg8+ Qf8 53. Qe6+
Qe7 54. Qc8+ 1-0

[Event "ChFraVétérans2011"]
[Site "Caen"]
[Date "2011.08.26"]
[Round "10.9"]
[White "Cousin, Philippe"]
[Black "Coussot, Jean-Claude"]
[Result "1/2-1/2"]
[WhiteElo "1953"]
[BlackElo "1798"]
[PlyCount "52"]
[EventDate "2011.??.??"]

1. d4 d5 2. Nf3 Nf6 3. c4 c6 4. Nc3 e6 5. Bg5 Be7 6. e3 Nbd7 7. Bd3 dxc4 8.
Bxc4 b5 9. Bd3 Bb7 10. O-O h6 11. Bh4 O-O 12. Rc1 Rc8 13. Re1 a6 14. e4 Re8 15.
e5 Nd5 16. Bxe7 Nxc3 17. Rxc3 Qxe7 18. Bb1 c5 19. Qd3 g6 20. h4 c4 21. Qe3 Kg7
22. Be4 Bxe4 23. Qxe4 Nb6 24. Rec1 Nd5 25. Ra3 Ra8 26. Nd2 c3 1/2-1/2

[Event "ChFraVétérans2011"]
[Site "Caen"]
[Date "2011.08.26"]
[Round "10.10"]
[White "Belluire, Patrice"]
[Black "Dubreuil, Remy"]
[Result "1-0"]
[WhiteElo "1944"]
[BlackElo "1895"]
[PlyCount "45"]
[EventDate "2011.??.??"]

1. e4 e6 2. d4 d5 3. Nc3 Bb4 4. Nge2 dxe4 5. a3 Bxc3+ 6. Nxc3 Nc6 7. Bb5 Nge7
8. Bg5 f6 9. Be3 O-O 10. Qd2 f5 11. f3 exf3 12. gxf3 a6 13. Bxc6 bxc6 14. O-O-O
Nd5 15. Nxd5 cxd5 16. Bf4 c6 17. Be5 Ra7 18. h4 Rb7 19. Rdg1 Rff7 20. h5 Qb6
21. b3 c5 22. h6 c4 23. hxg7 1-0

[Event "ChFraVétérans2011"]
[Site "Caen"]
[Date "2011.08.27"]
[Round "11.1"]
[White "Goldenberg, Richard"]
[Black "Danzanvilliers, Patrice"]
[Result "1-0"]
[WhiteElo "2320"]
[BlackElo "1838"]
[PlyCount "61"]
[EventDate "2011.??.??"]

1. d4 f5 2. c4 Nf6 3. Nc3 g6 4. f3 Bg7 5. e4 d6 6. Bg5 Nc6 7. Qd2 h6 8. Bh4
fxe4 9. fxe4 g5 10. Bg3 Nh5 11. Bf2 e5 12. d5 Nd4 13. Nge2 Nxe2 14. Bxe2 Nf4
15. Bf1 Bg4 16. h3 Bh5 17. Rh2 Bg6 18. g3 Nh5 19. Be2 Nf6 20. O-O-O Qe7 21. Bd3
O-O-O 22. Bc2 a6 23. Kb1 Kb8 24. Rc1 Rhf8 25. b4 Nd7 26. Ka1 b6 27. Ba4 Rf3 28.
Qe2 Rdf8 29. c5 dxc5 30. Qxa6 Rxf2 31. Bc6 1-0

[Event "ChFraVétérans2011"]
[Site "Caen"]
[Date "2011.08.27"]
[Round "11.2"]
[White "Ruiz, Richard"]
[Black "Negre, Albert"]
[Result "1/2-1/2"]
[WhiteElo "2106"]
[BlackElo "2103"]
[PlyCount "25"]
[EventDate "2011.??.??"]

1. d4 Nf6 2. Nf3 g6 3. c4 c5 4. Nc3 cxd4 5. Nxd4 Nc6 6. Nc2 Bg7 7. e4 O-O 8.
Be2 d6 9. O-O Be6 10. Be3 Nd7 11. Qd2 Nde5 12. b3 Qa5 13. Nd4 1/2-1/2

[Event "ChFraVétérans2011"]
[Site "Caen"]
[Date "2011.08.27"]
[Round "11.3"]
[White "Pinchon, Henri"]
[Black "Basic, Bosko"]
[Result "1/2-1/2"]
[WhiteElo "1904"]
[BlackElo "2067"]
[PlyCount "53"]
[EventDate "2011.??.??"]

1. e4 e5 2. Nf3 Nc6 3. Bb5 a6 4. Bxc6 dxc6 5. h3 f6 6. d4 exd4 7. Qxd4 Qxd4 8.
Nxd4 c5 9. Nf3 Be6 10. O-O O-O-O 11. Be3 g5 12. Nc3 g4 13. hxg4 Bxg4 14. Ne1
Bd6 15. f3 Bd7 16. Nd3 b6 17. a3 Ne7 18. Kf2 h5 19. Rh1 h4 20. Bf4 h3 21. Bxd6
cxd6 22. gxh3 Bxh3 23. Rag1 Bd7 24. Nf4 b5 25. Nfd5 Nxd5 26. Nxd5 Rhf8 27. Ke3
1/2-1/2

[Event "ChFraVétérans2011"]
[Site "Caen"]
[Date "2011.08.27"]
[Round "11.4"]
[White "Ruch, Bernard"]
[Black "Birens, Eric-Andre"]
[Result "0-1"]
[WhiteElo "1994"]
[BlackElo "1997"]
[PlyCount "128"]
[EventDate "2011.??.??"]

1. d4 Nf6 2. Bg5 Ne4 3. Bf4 c5 4. f3 Qa5+ 5. c3 Nf6 6. d5 d6 7. e4 b5 8. Nd2 g6
9. Bd3 Bg7 10. Ne2 O-O 11. O-O Nbd7 12. b3 Nh5 13. Be3 Ne5 14. b4 cxb4 15. cxb4
Qa3 16. Nb3 Nxd3 17. Qxd3 Qxb4 18. Rab1 Qc4 19. Qxc4 bxc4 20. Nbd4 Ba6 21. Nc6
Rfe8 22. g4 Nf6 23. Kg2 e6 24. dxe6 fxe6 25. Nxa7 Rf8 26. Kg3 d5 27. e5 Nd7 28.
f4 g5 29. Nc6 c3 30. Rfe1 gxf4+ 31. Bxf4 c2 32. Rbc1 Bd3 33. Ned4 Nc5 34. g5
Ra4 35. h4 Rc4 36. Kg4 Ra8 37. h5 Raa4 38. Be3 Bf5+ 39. Kf3 Nd3 40. Ne7+ Kf7
41. Nexf5 Nxe1+ 42. Rxe1 exf5 43. e6+ Ke8 44. Nxf5 Bf8 45. g6 hxg6 46. hxg6 Rg4
47. e7 Bxe7 48. g7 Rae4 49. Rh1 Kd7 50. Bc1 Bf6 51. Rh2 Ke6 52. Nh6 Rxg7 53.
Rxc2 Rc4 54. Re2+ Kd7 55. Bd2 Re7 56. Rg2 Rc2 57. Ng4 Bc3 58. Bxc3 Rxc3+ 59.
Kf4 Re4+ 60. Kf5 Rf3+ 61. Kg5 Kd6 62. Rh2 Rg3 63. Rh4 Kc5 64. Kf5 Kb4 0-1

[Event "ChFraVétérans2011"]
[Site "Caen"]
[Date "2011.08.27"]
[Round "11.5"]
[White "Tholey, Jean-Paul"]
[Black "Le Du, Michel"]
[Result "0-1"]
[WhiteElo "1981"]
[BlackElo "1912"]
[PlyCount "82"]
[EventDate "2011.??.??"]

1. d4 g6 2. c4 Nf6 3. Nc3 d5 4. Nf3 Bg7 5. cxd5 Nxd5 6. e4 Nxc3 7. bxc3 O-O 8.
Be2 c5 9. Rb1 cxd4 10. cxd4 Qa5+ 11. Bd2 Qxa2 12. O-O Qe6 13. Ng5 Qd7 14. d5 h6
15. Bb5 Qd8 16. Nf3 Bg4 17. Bb4 a6 18. Ba4 Nd7 19. Qd3 b5 20. Bb3 a5 21. Bc3 b4
22. Bxg7 Kxg7 23. Nd4 Nc5 24. Qg3 Nxb3 25. Rxb3 Qb6 26. Nc6 Bd7 27. Nxe7 a4 28.
Rf3 b3 29. d6 Be6 30. Qe5+ Kh7 31. Nxg6 fxg6 32. Qxe6 Qd4 33. e5 b2 34. Rf7+
Rxf7 35. Qxf7+ Kh8 36. Qf6+ Kh7 37. Qe7+ Kg8 38. d7 Rf8 39. Qe6+ Kg7 40. Qe7+
Rf7 41. d8=Q Qxf2+ 0-1

[Event "ChFraVétérans2011"]
[Site "Caen"]
[Date "2011.08.27"]
[Round "11.6"]
[White "Andrieu, Philippe"]
[Black "Belluire, Patrice"]
[Result "1-0"]
[WhiteElo "1894"]
[BlackElo "1944"]
[PlyCount "71"]
[EventDate "2011.??.??"]

1. d4 Nf6 2. Bg5 c5 3. dxc5 e6 4. Nf3 Bxc5 5. e3 O-O 6. Nc3 Be7 7. Bd3 d6 8.
O-O Nbd7 9. Qe2 a6 10. a4 b6 11. Rfd1 Bb7 12. Rab1 Qc7 13. e4 Rfe8 14. Qe3 Rac8
15. Qf4 Nc5 16. e5 Nxd3 17. Rxd3 Nd5 18. Qg4 Bxg5 19. exd6 Qxd6 20. Nxg5 Qe7
21. Nxd5 Bxd5 22. Rh3 f5 23. Qg3 h6 24. Nf3 Qf6 25. c3 e5 26. Re1 e4 27. Nd4 g5
28. Nxf5 Qxf5 29. Rxh6 Re6 30. Rh5 Rg6 31. h4 Bc6 32. hxg5 Bxa4 33. Qh4 Rf8 34.
Rxe4 Bc6 35. Rh8+ Kf7 36. Qh7+ 1-0